<?xml version="1.0" encoding="UTF-8"?>
<record
    xmlns:xsi="http://www.w3.org/2001/XMLSchema-instance"
    xsi:schemaLocation="http://www.loc.gov/MARC21/slim http://www.loc.gov/standards/marcxml/schema/MARC21slim.xsd"
    xmlns="http://www.loc.gov/MARC21/slim">

  <leader>01827cam a2200181 i 4500</leader>
  <datafield tag="999" ind1=" " ind2=" ">
    <subfield code="c">37310</subfield>
    <subfield code="d">37310</subfield>
  </datafield>
  <datafield tag="020" ind1=" " ind2=" ">
    <subfield code="a">9781138493834</subfield>
  </datafield>
  <datafield tag="082" ind1=" " ind2=" ">
    <subfield code="a">304.80954</subfield>
    <subfield code="b">JAI-I</subfield>
  </datafield>
  <datafield tag="100" ind1="1" ind2=" ">
    <subfield code="a">Jain, Ravindra K.</subfield>
  </datafield>
  <datafield tag="245" ind1="1" ind2="0">
    <subfield code="a">Innovative Departures :</subfield>
    <subfield code="b">Anthropology and the Indian Diaspora /</subfield>
    <subfield code="c">Ravindra K. Jain</subfield>
  </datafield>
  <datafield tag="250" ind1=" " ind2=" ">
    <subfield code="a">First South Asia edition</subfield>
  </datafield>
  <datafield tag="260" ind1=" " ind2=" ">
    <subfield code="a">New York :</subfield>
    <subfield code="b">Routledge,</subfield>
    <subfield code="c">2018</subfield>
  </datafield>
  <datafield tag="300" ind1=" " ind2=" ">
    <subfield code="a">x, 169 p.</subfield>
  </datafield>
  <datafield tag="504" ind1=" " ind2=" ">
    <subfield code="a">Includes bibliographical references (pages 147-164) and index.</subfield>
  </datafield>
  <datafield tag="520" ind1=" " ind2=" ">
    <subfield code="a">This volume brings together analytical insights from modern social and cultural anthropology to unravel processes of globalization in the 21st century through diasporic migrations. Developments in anthropological theory and method are traced from the heritage of Enlightenment to the present times, with special reference to India. While firmly anchored in the local experience, the narrative of diasporic migrations presented in this book ranges widely to cover comparisons across the world and is informed by an interdisciplinary focus. The author deals with the issues of ethnicity, identity and modernity in a transnational and geopolitical context. The innovative and multi-dimensional thrust encompasses major themes and research methodology. The work includes important case studies and a detailed empirical exploration of the multicultural societies of Malaysia and South Africa.
Authoritative and accessible, this book will be essential reading in contemporary anthropology, especially for scholars and researchers of sociology, social and cultural anthropology, diaspora and migration studies, ethnic studies and cultural studies as also international relations, foreign affairs, public policy, think-tanks and government bodies.</subfield>
  </datafield>
  <datafield tag="650" ind1=" " ind2="0">
    <subfield code="a">Indian diaspora.</subfield>
    <subfield code="v">Human Geography.</subfield>
  </datafield>
  <datafield tag="650" ind1=" " ind2="0">
    <subfield code="a">Anthropology.</subfield>
    <subfield code="v">Human Ecology.</subfield>
    <subfield code="z">India.</subfield>
  </datafield>
  <datafield tag="942" ind1=" " ind2=" ">
    <subfield code="2">ddc</subfield>
    <subfield code="c">BK</subfield>
  </datafield>
  <datafield tag="952" ind1=" " ind2=" ">
    <subfield code="0">0</subfield>
    <subfield code="1">0</subfield>
    <subfield code="4">0</subfield>
    <subfield code="7">0</subfield>
    <subfield code="a">NASSDOC</subfield>
    <subfield code="b">NASSDOC</subfield>
    <subfield code="c">CART</subfield>
    <subfield code="d">2022-11-30</subfield>
    <subfield code="e">7</subfield>
    <subfield code="g">726.35</subfield>
    <subfield code="l">0</subfield>
    <subfield code="o">304.80954 JAI-I</subfield>
    <subfield code="p">52535</subfield>
    <subfield code="r">2022-11-30 00:00:00</subfield>
    <subfield code="v">995.00</subfield>
    <subfield code="w">2022-11-30</subfield>
    <subfield code="y">BK</subfield>
  </datafield>
</record>
